Ochrona prawna konsumenta w uregulowaniach publicznoprawnych
Uložené v:
| Ďalší autori: | |
|---|---|
| Médium: | Kniha |
| Jazyk: | Polish |
| Vydavateľské údaje: |
Poznan
Wydawnictwo Akademii Ekonomicznej w Poznaniu
1998
|
| Edícia: | Zeszyty naukowe
Seria 1. Zeszyt 263 |
| Predmet: | |
| Tagy: |
Žiadne tagy, Buďte prvý, kto otaguje tento záznam!
|
MARC
| LEADER | 00000nam a2200000 4500 | ||
|---|---|---|---|
| 001 | c103083 | ||
| 005 | 20250509102657.3 | ||
| 022 | |a 0208-4902 | ||
| 041 | 0 | |a pol | |
| 044 | |a PL | ||
| 245 | 1 | 0 | |a Ochrona prawna konsumenta w uregulowaniach publicznoprawnych |c Redaktor naukowy: Jan Kufel |
| 264 | 1 | |a Poznan |b Wydawnictwo Akademii Ekonomicznej w Poznaniu |c 1998 | |
| 300 | |a 183 s. | ||
| 490 | 1 | |a Zeszyty naukowe |v Seria 1. Zeszyt 263 | |
| 830 | 0 | |a Zeszyty naukowe |v Seria 1. Zeszyt 263 | |
| 610 | 2 | 0 | |a spotrebitelia |
| 610 | 2 | 0 | |a ochrana právna |
| 610 | 2 | 0 | |a úpravy právne |
| 610 | 2 | 0 | |a spotreba |
| 610 | 2 | 0 | |a značky výrobné |
| 610 | 2 | 0 | |a služby finančné |
| 610 | 2 | 0 | |a energia |
| 610 | 2 | 0 | |a ochrana spotrebiteľa |
| 700 | 1 | |a Kufel, Jan | |